<?xml version="1.0" encoding="UTF-8"?>
<record
    xmlns:xsi="http://www.w3.org/2001/XMLSchema-instance"
    xsi:schemaLocation="http://www.loc.gov/MARC21/slim http://www.loc.gov/standards/marcxml/schema/MARC21slim.xsd"
    xmlns="http://www.loc.gov/MARC21/slim">

  <leader>01009nam a22002177a 4500</leader>
  <controlfield tag="005">20141111103409.0</controlfield>
  <controlfield tag="008">141111b        ck ||||| 2010   00| 0 spa d</controlfield>
  <datafield tag="041" ind1=" " ind2=" ">
    <subfield code="a">spa</subfield>
  </datafield>
  <datafield tag="044" ind1=" " ind2=" ">
    <subfield code="a">ck</subfield>
  </datafield>
  <datafield tag="090" ind1=" " ind2=" ">
    <subfield code="a">EA</subfield>
    <subfield code="b">00143</subfield>
  </datafield>
  <datafield tag="100" ind1="1" ind2=" ">
    <subfield code="a">Hoyos-G&#xF3;mez, Carlos Arturo</subfield>
    <subfield code="9">28545</subfield>
  </datafield>
  <datafield tag="245" ind1="1" ind2=" ">
    <subfield code="a">Sostenibilidad Ambiental de Actividades Productivas Sectoriales de Alto Impacto </subfield>
    <subfield code="b">Transferencia de tecnolog&#xED;as y promoci&#xF3;n de pr&#xE1;cticas sostenibles en el sector porc&#xED;cola  </subfield>
    <subfield code="c">Carlos Arturo, Hoyos-G&#xF3;mez...(et al.)</subfield>
  </datafield>
  <datafield tag="260" ind1=" " ind2=" ">
    <subfield code="a">Valle del Cauca :</subfield>
    <subfield code="b">Corporaci&#xF3;n Aut&#xF3;noma Regional del Valle del Cauca-CVC,</subfield>
    <subfield code="c">2010.</subfield>
  </datafield>
  <datafield tag="300" ind1=" " ind2=" ">
    <subfield code="a">26 pag.</subfield>
    <subfield code="b">Fot (col.), graf., tab.</subfield>
    <subfield code="c">27 cm.</subfield>
  </datafield>
  <datafield tag="504" ind1=" " ind2=" ">
    <subfield code="a">Incluye referencia bibliogr&#xE1;fica (pag 26)</subfield>
  </datafield>
  <datafield tag="650" ind1=" " ind2=" ">
    <subfield code="a">Sostenibilidad Ambiental </subfield>
    <subfield code="x">Granjas Porcinas </subfield>
    <subfield code="9">28546</subfield>
  </datafield>
  <datafield tag="650" ind1=" " ind2=" ">
    <subfield code="v">Impacto Ambiental </subfield>
    <subfield code="x">Planes de Manejo Ambiental </subfield>
    <subfield code="9">28547</subfield>
  </datafield>
  <datafield tag="650" ind1=" " ind2=" ">
    <subfield code="a">Gesti&#xF3;n Industrial</subfield>
    <subfield code="x">Implementaci&#xF3;n de Sistemas de Tratamiento </subfield>
    <subfield code="9">28548</subfield>
  </datafield>
  <datafield tag="700" ind1=" " ind2=" ">
    <subfield code="a">Monroy-Salamanca, Elmer Andr&#xE9;s </subfield>
    <subfield code="9">28549</subfield>
  </datafield>
  <datafield tag="942" ind1=" " ind2=" ">
    <subfield code="2">z</subfield>
    <subfield code="c">LIBRO</subfield>
  </datafield>
  <datafield tag="999" ind1=" " ind2=" ">
    <subfield code="c">8780</subfield>
    <subfield code="d">8780</subfield>
  </datafield>
  <datafield tag="952" ind1=" " ind2=" ">
    <subfield code="0">0</subfield>
    <subfield code="1">0</subfield>
    <subfield code="2">z</subfield>
    <subfield code="4">0</subfield>
    <subfield code="7">0</subfield>
    <subfield code="8">EDUAMBIENT</subfield>
    <subfield code="I">INV2017</subfield>
    <subfield code="a">Venado</subfield>
    <subfield code="b">Venado</subfield>
    <subfield code="d">2014-11-11</subfield>
    <subfield code="e">Instituto</subfield>
    <subfield code="g">39000.00</subfield>
    <subfield code="l">0</subfield>
    <subfield code="o">EA-00143</subfield>
    <subfield code="p">034810</subfield>
    <subfield code="r">2014-11-11 00:00:00</subfield>
    <subfield code="t">Ej. 1</subfield>
    <subfield code="w">2014-11-11</subfield>
    <subfield code="x">Donaci&#xF3;n</subfield>
    <subfield code="y">LIBRO</subfield>
  </datafield>
</record>
